Statistics for Zelda Breath Of The Wild Quiz

Click here to take the quiz!

General Stats

  • This quiz has been taken 479 times
  • The average score is 31 of 45

Answer Stats

Answer% Correct
Hero of Hyrule, Main ProtaginistLink
99%
Princess locked in Hyrule CastlePrincess Zelda
99%
Medoh looks like a...Bird
93%
Rutah looks like a...Elephant
93%
Naboris looks like a...Camel
91%
Rock peopleGoron
90%
Fish like peopleZora
90%
Desert peopleGerudo
89%
Kakariko Village elderImpa
89%
Rutah's ChampionMipha
89%
Rudania looks like a...Lizard
88%
Bird like peopleRito
88%
The sword that seals the darknessThe Master Sword
88%
Rudania's ChampionDaruk
84%
Medoh's ChampionRevali
84%
Naboris's ChampionUrbosa
84%
Young Zora PrincePrince Sidon
83%
Giant pig like creatureCalamity Ganon
77%
Giant VolcanoDeath Mountain
77%
Little buildings that you do puzzels inShrines
74%
Goddess of HyruleHylia
73%
Korok with MaracasHestu
70%
High platform where you start the gameGreat Plateau
68%
Yiga Clan MasterMaster Kohga
67%
Electric DragonFarosh
65%
Travelling Merchant who loves beetlesBeedle
64%
Gerudo chiefRiju
64%
Last king of HyruleKing Rhoam
63%
Director of the Akkala ancient tech labRobbie
63%
Village next to Mt LanayruHateno Village
62%
Singing Rito that appears in lots of placesKass
61%
Rito warrior that helps youTeba
61%
Young Goron that helps youYunobo
60%
Ice DragonNaydra
59%
Director of the Hateno ancient tech labPurah
59%
Fire DragonDinraal
58%
Beach VillageLurelin Village
49%
Mayor of Tarrey TownHudson
47%
Tallest Mountain in HyruleMount Lanayru
45%
Gerudo BazzarKara Kara Bazzar
37%
Zora KingKing Dorephan
37%
Travelling PainterPikango
27%
Goron LeaderBludo/Boss
26%
Rito ChieftainKaneli
18%
Local dyer in Hateno VillageSayge
9%

Score Distribution

Percentile by Number Answered

Percent of People with Each Score

Your Score History

You have not taken this quiz